01367nac a22003371u 4500999001500000003000900015005001700024008004100041020001500082040004300097082001900140100004300159245010000202264005800302264001000360300002900370336002600399337002800425338002700453504005100480600005700531600006100588650006700649650006200716650005600778651001000834653002200844655002400866942002300890952011600913 c1795d1795EG-ScBUE20210504101834.0200219t1977 ncu f b 001 0 eng d a0807813079 aEG-ScBUEbengerdacEG-ScBUEdEG-ScBUE04a821.3bOCO2221 aO'Connell, Michael,‏d1943-eauthor.10aMirror and veil :bthe historical dimension of Spenser's Faerie queene /cby Michael O'Connell. 1aChapel Hill :bThe University of North Press,c[1977] 4cc1977 axiii, 220 pages ;c24 cm 2rdacontentatextbtxt 2rdamediaaunmediatedbn 2rdacarrieravolumebnc aIncludes bibliographical references and index.17aSpenser, Edmund,d1552?-1599.tFaerie queene.2BUEsh17aSpenser, Edmund,d1552?-1599xKnowledgexHistory.2BUEsh 7aLiterature and historyzEnglandxHistoryy16th century.2BUEsh 7aHistorical poetry, EnglishxHistory and criticism.2BUEsh 7aEpic poetry, EnglishxHistory and criticism.2BUEsh 2BUEsh bHHUUEENNcMay2021 vReading book934232 cBBk821.3O1812ddc 00104070aMAINbMAINc2NDd2014-12-06ePurchasel0o821.3 OCOp000002522r2025-07-15 00:00:00w2006-12-14yBB